000 00339nam a2200133 a 4500
001 4140
005 20140414131855.0
008 090218s19uu xx 00 eng d
050 _aFIL
_bM68 2004
100 _aMagnuson, Robert
245 _aMister Beetle's many rooms.
260 _aManila, Philippines :
_bAdarna,
_c2004.
999 _c110432
_d110432